000 03658nab a2200301 i 4500
003 BR-BrBNA
005 20250402073316.0
008 250401b2016 bl.qr|pooa||| 00| 0 eng |
040 _aBR-BrBNA
_beng
072 _aF70
072 _aF04
100 _aGomes, Letícia
100 _aMaracahipes, Leandro
100 _aReis, Simone Matias
100 _aMarimon, Beatriz Schwantes
100 _aMarimon-Junior, Ben Hur
100 _aLenza, Eddie
245 _aDynamics of the woody vegetation of two areas of Cerrado sensu stricto located on different substrates
500 _aPublicação on-line; 40 ref.; 4 tables; 3 illus.; Summaries (En, Pt)
520 _a Abstract Differences in substrates can provoke distinct responses in the dynamics of a plant community. We compared changes the floristic, structural and dynamic parameters of the woody vegetation between burned sites dominated by cerrado típico (CT) and cerrado rupestre (CR), which is characterized by the presence of rocky outcrops, over time. We set up 10 plots (20 m × 50 m) at each site. All individuals (diameter of ≥ 3 cm at 30 cm height above the ground) were identified in the two censuses (2009 and 2012) and measured (stem diameter), after an accidental fire in 2008. Changes in floristic parameters between the CT and CR were not significant. However, we found significant differences (p < 0.05) in structural and dynamic parameters, such as density (CT = 1,523; CR = 2,171 ind.ha-1), basal area (CT = 8.70; CR = 13.00 m2.ha-1), recruitment rates (CT = 24.35; CR = 15.14%year-1 ; p = 0.01), gain (CT = 8.58; CR= 3.58% year-1), and the loss rates of basal area (CT = 3.88; CR= 2.45% year-1). These differences emphasize the need for a differential evaluation of these sites for the development of effective conservation strategies. Key words: changes, density, floristic, mortality, recruitment. Resumo A diferença de substrato pode causar respostas distintas sobre a dinâmica da comunidade vegetal. O objetivo deste trabalho foi comparar os parâmetros florístico, estruturais e de dinâmica da vegetação entre áreas queimadas de cerrado típico (CT) e cerrado rupestre (CR) (presença de afloramentos rochosos) ao longo do tempo. Foram estabelecidas 10 parcelas (20 m × 50 m) em cada local. Todos os indivíduos com diâmetro ≥ 3 cm a 30 cm de altura acima do solo foram identificados e mediu-se o diâmetro do caule tanto em 2009 quanto em 2012, depois de uma queima acidental em 2008. As mudanças nos parâmetros florísticos não foram significativas entre o CT e CR. Entretanto, foram encontradas diferenças (p < 0,05) principalmente com relação aos parâmetros estruturais e de dinâmica, como densidade (CT = 1.523; CR = 2.171 ind.ha-1), área basal (CT = 8,70; CR = 13,00 m2.ha-1), taxa de recrutamento (CT = 24,35; CR= 15,14% ano-1; p = 0,01), ganho (CT = 8,58; CR= 3,58% ano-1; p = 0,02) e perda em área basal (CT = 3,88; CR= 2,45% ano-1). Essas diferenças enfatizam a necessidade de avaliar de forma diferenciada essas fisionomias para criação de futuras estratégias de conservação. Palavras-chave: mudanças, densidade, florística, mortalidade, recrutamento.
650 _aCOMPOSIÇÃO BOTÂNICA
650 _aMORTALIDADE
650 _aCERRADO
773 0 _0709
_9349653
_dRio de Janeiro-RJ Jardim Botanico do Rio de Janeiro 1935
_o2025-2173
_tRodriguésia (Brazil)
_x0370-6583; 2175-7860 on-line
_gv. 67(4) p. 859-870;(2016)
_wBR2025000214
856 _uhttps://www.scielo.br/j/rod/a/CFC3btxtVsZD8wWyhJMGMJs/?format=pdf&lang=en
942 _cANA
999 _c330775
_d330775